Wireless Internet and mobile computing : Interoperability and performance

में बचाया:
ग्रंथसूची विवरण
मुख्य लेखक:  Kwok, Yu-Kwong Ricky
स्वरूप: Sách
भाषा:Undetermined
प्रकाशित:  Wiley-Interscience  2007
विषय:
टैग : टैग जोड़ें
कोई टैग नहीं, इस रिकॉर्ड को टैग करने वाले पहले व्यक्ति बनें!
Thư viện lưu trữ: Trung tâm Thư viện - Trường Đại học Công nghiệp TP. Hồ Chí Minh
LEADER 00536nam a2200157Ia 4500
001 UIH_07576
008 231011s9999 xx 000 0 und d
082 |a  621.382 
100 |a  Kwok, Yu-Kwong Ricky 
245 0 |a  Wireless Internet and mobile computing : Interoperability and performance 
245 0 |c  Kwok, Yu-Kwong Ricky 
260 |b  Wiley-Interscience 
260 |c  2007 
650 |a  Mạng viễn thông;  
927 |a Sách 
980 |a Trung tâm Thư viện - Trường Đại học Công nghiệp TP. Hồ Chí Minh